| 000 | 00491nam a22001697a 4500 | ||
|---|---|---|---|
| 003 | OSt | ||
| 005 | 20220922171516.0 | ||
| 008 | 220922b |||||||| |||| 00| 0 eng d | ||
| 020 | _a978-85-86177-13-2 | ||
| 040 | _cBiblioteca Lado V | ||
| 082 |
_a708.981.53 _bH548m |
||
| 100 |
_913 _aHerkenhoff, Paulo |
||
| 245 | _aMaria Leontina/ | ||
| 260 |
_aRio de Janeiro, Brasil _bPapel y Tinta _c2010 |
||
| 300 |
_a258p. _c29.5x31cm |
||
| 942 |
_2ddc _c1 _h708.981.53 _iH548m _n0 |
||
| 999 |
_c2110 _d2110 |
||